000 00583cam a22002053a 4500
001 33438
003 PGUSA
005 20140828083725.0
008 100815s2010||||xxu|||||s|||||000 | eng d
040 _aPGUSA
_beng
042 _adc
100 1 _aFreeman, Lewis R.
_q(Lewis Ransome),
_d1878-1960
245 1 0 _aSea-Hounds
_h[electronic resource] /
_cLewis R. Freeman
260 _bProject Gutenberg,
_c2010
506 _aPublic domain in the USA.
516 _aElectronic text
830 0 _aProject Gutenberg
_v33438
856 4 0 _uhttp://www.gutenberg.org/ebooks/33438
942 _cEB
999 _c262693
_d262693